Lieux célèbres du Monde par images #3 - Statistiques

Statistiques générales
  • Ce quiz a été pris 647 fois
  • Le résultat moyen est 6 sur 12
Statistiques - réponses
Par images Réponse % Correct
Mont Fuji
84%
Mont Rushmore
83%
Sphinx de Gizeh
74%
Tower Bridge
71%
Burj Khalifa
62%
Angkor Vat
47%
Chutes Victoria
41%
Cathédrale Saint-Basile
27%
Mont du Pain de Sucre
27%
Mosquée Bleue
21%
Salto Angel
13%
Montagne de la Table
9%
Aucun quiz correspondant
Distribution des résultats
% des personnes avec chaque résultat
Percentile par nombre de réponses
Votre historique - résultats
Vous n’avez pas pris ce quiz